| 000 | 00537cam a2200193ua 4500 | ||
|---|---|---|---|
| 001 | 1456 | ||
| 005 | 20260515113333.0 | ||
| 008 | 110709n ii |||gr||||Z||||||eng | ||
| 040 | _cMAIN | ||
| 082 | _a301 | ||
| 100 | 1 |
_aBorthakur, B. N., _eAuthor. |
|
| 245 | 1 |
_asociological aspects of economics development _cby B. N. borthakur |
|
| 250 | _a1st. | ||
| 260 |
_aDibrugarh: _bUpasana Publishing Academy, _c2004. |
||
| 300 |
_ai; 168p: _c23cm. |
||
| 653 | _aSociology | ||
| 653 | _aSociological aspect of economic development | ||
| 942 | _cBK | ||
| 999 |
_c1345 _d1345 |
||